|
|
|
|
| LEADER |
00000nam0a2200000 4500 |
| 001 |
331275 |
| 005 |
20231102004336.0 |
| 035 |
|
|
|a (RuTPU)RU\TPU\book\357071
|
| 090 |
|
|
|a 331275
|
| 100 |
|
|
|a 20170419d1961 m y0rusy50 ca
|
| 101 |
0 |
|
|a rus
|
| 102 |
|
|
|a RU
|
| 105 |
|
|
|a a j 001zy
|
| 200 |
1 |
|
|a Пластические массы, их получение, свойства и применение
|e учебное пособие
|f В. П. Цыбасов, В. Ф. Петрович
|g Ленинградский механический институт
|
| 210 |
|
|
|a Ленинград
|c [Б. и.]
|d 1961
|
| 215 |
|
|
|a 111 с.
|c ил.
|
| 320 |
|
|
|a Библиогр.: с. 108-109
|
| 606 |
1 |
|
|a Пластмассы
|2 stltpush
|3 (RuTPU)RU\TPU\subj\49097
|9 67908
|
| 610 |
1 |
|
|a учебные пособия
|
| 610 |
1 |
|
|a пластические массы
|
| 610 |
1 |
|
|a высокомолекулярные соединения
|
| 610 |
1 |
|
|a высокополимеры
|
| 610 |
1 |
|
|a цепная полимеризация
|
| 610 |
1 |
|
|a поликонденсация
|
| 610 |
1 |
|
|a ступенчатая полимеризация
|
| 610 |
1 |
|
|a природные полимеры
|
| 610 |
1 |
|
|a битумные материалы
|
| 675 |
|
|
|a 678.5(075.8)
|v 4
|
| 700 |
|
1 |
|a Цыбасов
|b В. П.
|
| 701 |
|
1 |
|a Петрович
|b В. Ф.
|
| 712 |
0 |
2 |
|a Ленинградский механический институт
|c (1957-1992)
|2 stltpush
|3 (RuTPU)RU\TPU\col\7670
|9 24364
|
| 801 |
|
1 |
|a RU
|b 63413507
|c 20170419
|
| 801 |
|
2 |
|a RU
|b 63413507
|c 20201023
|g RCR
|
| 942 |
|
|
|c BK
|